| 000 | 00556nam a2200181 a 4500 | ||
|---|---|---|---|
| 001 | 0162 | ||
| 005 | 20140414132039.0 | ||
| 008 | 040804s19uu xx 00 eng d | ||
| 050 |
_aBB _bC46 bk.2 |
||
| 100 | _aBrierly, Jane | ||
| 245 |
_aThe Christmas treasure chest, bk. 2/ _ctext by Jane Brierly. |
||
| 260 |
_aMontreal, Canada : _bTormont, _c1992. |
||
| 300 | _a16 p. : ill. ; cm. | ||
| 500 | _aContents: The Little Snowflakes--O Christmas Tree!--Elves in toyland. | ||
| 650 |
_aChristmas _xFiction. |
||
| 650 | _aChildren stories. | ||
| 999 |
_c113807 _d113807 |
||